| 000 | 00388nam a2200157Ia 4500 | ||
|---|---|---|---|
| 008 | 151213s9999 xx 000 0 und d | ||
| 100 | _aJack R. Kapoor & Others | ||
| 245 |
_aPersonal Finance _cJack R. Kapoor & Others |
||
| 250 | _a2nd | ||
| 260 |
_aBoston _bIrwin |
||
| 300 | _a1384 p. | ||
| 650 | _aFinance | ||
| 650 | _aFinance | ||
| 700 | _aJack R. Kapoor & Others | ||
| 999 |
_c1106 _d1106 |
||